00450nmm a2200157Ia 4500008004100000020001800041041000800059100003700067245001800104264004800122300001800170650002900188856005100217942000700268999001700275251105s9999||||xx |||||||||||||||||und|| a9789580613107 aspa aSalcedo Salazar, José Excelino 0aLos Salazares a[Bogotá, Colombia] :bOveja Negra, c2015 a656 páginas aLatin American narrative uhttps://public.digitaliapublishing.com/a/37792 cCF c94955d94955